000 00373cam a2200157ua 4500
003 OSt
008 240123b |||||||| |||| 00| 0 eng d
041 _aeng
082 _a666
_bPAR/CE
100 _aParmelee, Cullen W .
_95765
245 _aCeramic glazes /
250 _a2 /
260 _aChicago :
_bIndustrial Publications ,
_c1951.
300 _a322 ; .
942 _cBK
999 _c7902
_d7902